00454nam a22001457a 4500020001800000082002100018100003200039245010000071260004500171300001000216504002000226563000700246650003000253650002500283 a9786010405196 a658.3009584bDOS aDossova, S. N, B.K.Kambarov aHuman Resources Management Policies and Practices in Kazakhstan/cS. N,Dossova and B.K.Kambarov aAlmaty:bKazakh university press;c2014. a223p. aKazakh Language aPB aHuman resource management aPersonnel management